[Event "Women's Speed Chess Q2"]
[Site "chess.com INT"]
[Date "2020.06.19"]
[Round "9"]
[White "Gaponenko, Inna"]
[Black "Papp, Petra"]
[Result "0-1"]
[WhiteTitle "IM"]
[BlackTitle "WGM"]
[WhiteElo "2396"]
[BlackElo "2338"]
[WhiteFideId "14101181"]
[BlackFideId "739049"]
[EventDate "2020.06.19"]

1. e4 c6 2. d4 d5 3. exd5 cxd5 4. c4 Nf6 5. Nc3 g6 6. Qb3 Bg7 7. cxd5 O-O 8.
Nge2 Na6 9. g3 Nc7 10. Bg2 Rb8 11. O-O b5 12. a3 Bb7 13. Bf4 a6 14. Rac1 Nfe8
15. Be5 Nd6 16. Bxg7 Kxg7 17. Nf4 Nc4 18. Rfe1 Ba8 19. a4 Qd7 20. axb5 axb5 21.
Nxb5 Na5 22. Qc3 Qxb5 23. Qxc7 Rb7 24. Qe5+ Kg8 25. Rc5 Qb6 26. Rc2 Nb3 27. Rd1
Rd7 28. Qe3 Na5 29. Rb1 Nb7 30. Nd3 Nd6 31. Nc5 Ra7 32. b4 Nf5 33. Qd3 Qf6 34.
Be4 Nxd4 35. Rd2 Nf5 36. Bxf5 gxf5 37. b5 Rc7 38. Na6 Rc3 39. Qd4 Qxd4 40. Rxd4
Bb7 41. Nb4 Ra8 42. Nc6 Kf8 43. Ne5 f6 44. Nf3 Rc2 45. Nh4 Raa2 46. Rf1 Rd2 47.
Rxd2 Rxd2 48. Nxf5 Rxd5 49. Ne3 Rxb5 50. h4 Bf3 51. Kh2 Kf7 52. g4 Be4 53. Kg3
h5 54. f3 Bd3 55. Rd1 Be2 56. Re1 Rb2 57. Kf4 e5+ 58. Kg3 Bb5 59. Nf5 Bd7 60.
Nd6+ Ke7 61. Ne4 hxg4 62. fxg4 Rb3+ 63. Kf2 Bxg4 64. Rg1 Rb2+ 65. Ke3 Bf5 66.
Rg7+ Kf8 67. Ra7 Rb3+ 68. Kf2 Bxe4 69. h5 Rh3 70. Ra6 Kf7 71. Ra7+ Ke6 72. Ra6+
Kf5 73. Ra8 Rxh5 74. Ra5 Kf4 75. Ra6 f5 76. Ra4 Rh2+ 77. Kg1 Rg2+ 78. Kf1 Rb2
79. Rc4 Ke3 80. Rc3+ Bd3+ 81. Kg1 e4 82. Rc5 f4 83. Rf5 f3 84. Rf6 Rb1+ 85. Kh2
f2 86. Kg3 f1=Q 87. Rxf1 Rxf1 88. Kg4 Ke2 89. Kg5 e3 90. Kg4 Kd2 91. Kg3 e2 92.
Kg4 e1=Q 93. Kg5 Qf2 0-1

[Event "Women's Speed Chess Q2"]
[Site "chess.com INT"]
[Date "2020.06.19"]
[Round "9"]
[White "Bouah, Denise"]
[Black "Nikulina, Alena"]
[Result "1-0"]
[WhiteTitle "WIM"]
[BlackTitle "WFM"]
[WhiteElo "1770"]
[BlackElo "1887"]
[WhiteFideId "14300818"]
[BlackFideId "4172051"]
[EventDate "2020.06.19"]

1. e4 c5 2. d3 Nc6 3. Nd2 d6 4. g3 g6 5. Bg2 Bg7 6. f4 e6 7. Ngf3 Nge7 8. c3 a6
9. O-O O-O 10. Re1 d5 11. e5 b5 12. Nf1 Bb7 13. d4 cxd4 14. cxd4 Rc8 15. Be3 Nf5
16. Bf2 Na5 17. g4 Ne7 18. Ng3 Nc4 19. b3 Nb6 20. h4 a5 21. Qd3 b4 22. f5 Rc3
23. Qd2 exf5 24. gxf5 Nxf5 25. Nxf5 gxf5 26. Ng5 h6 27. Nh3 Kh7 28. Nf4 Bc8 29.
Nh5 Rg8 30. Rac1 Rxc1 31. Rxc1 Be6 32. Qf4 Kh8 33. Be3 Qf8 34. Nf6 Bxf6 35. exf6
Rg6 36. Rc6 Nd7 37. Kf2 Nxf6 38. Bh3 Ng4+ 39. Bxg4 Rxg4 40. Qe5+ Qg7 41. Qb8+
Kh7 42. Qh2 Qf6 43. Bf4 Rxh4 44. Qg3 Rg4 45. Qf3 Qg6 46. Rc7 h5 47. Re7 h4 48.
Qh3 Qg5 49. Bxg5 Rxg5 50. Qxh4+ Kg6 51. Re8 Rh5 52. Qg3+ Kf6 53. Rd8 Rg5 54.
Qe5+ Ke7 55. Qd6+ Kf6 56. Rf8 Rg4 57. Qd8+ Kg6 58. Rg8+ Kh5 59. Rh8+ Kg6 60.
Qg8+ Kf6 61. Qd8+ Kg6 62. Rg8+ Kh5 63. Rxg4 Kxg4 64. Qg8+ Kf4 65. Qa8 Ke4 66.
Qxa5 Kxd4 67. Qxb4+ Ke5 68. a4 f4 69. a5 d4 70. a6 Bd5 71. a7 Ke4 72. Qe1+ Kf5
73. b4 d3 74. b5 f3 75. b6 Kf4 76. Qd2+ Ke4 77. Qa2 Ba8 78. Qa4+ Kd5 79. Qe8 Bb7
80. Qd8+ Kc6 81. Qxd3 1-0

[Event "Women's Speed Chess Q2"]
[Site "chess.com INT"]
[Date "2020.06.19"]
[Round "10"]
[White "Franco Valencia, Beatriz Irene"]
[Black "Mohota, Nisha"]
[Result "0-1"]
[WhiteTitle "WGM"]
[BlackTitle "IM"]
[WhiteElo "2103"]
[BlackElo "2195"]
[WhiteFideId "4402618"]
[BlackFideId "5004330"]
[EventDate "2020.06.19"]

1. d4 Nf6 2. c4 e6 3. Nf3 d5 4. cxd5 exd5 5. Qc2 c6 6. Nc3 Be7 7. Bg5 g6 8. e3
Bf5 9. Bd3 Bxd3 10. Qxd3 Nbd7 11. O-O O-O 12. a3 Ne4 13. Nxe4 dxe4 14. Bxe7 Qxe7 0-1

[Event "Women's Speed Chess Q2"]
[Site "chess.com INT"]
[Date "2020.06.19"]
[Round "10"]
[White "Kovanova, Baira"]
[Black "Shuvalova, Polina"]
[Result "1-0"]
[WhiteTitle "WGM"]
[BlackTitle "WGM"]
[WhiteElo "2343"]
[BlackElo "2454"]
[WhiteFideId "4164083"]
[BlackFideId "24171760"]
[EventDate "2020.06.19"]

1. e4 c6 2. d4 d5 3. Nc3 dxe4 4. Nxe4 Bf5 5. Ng3 Bg6 6. Nf3 Nd7 7. Bd3 Bxd3 8.
Qxd3 e6 9. O-O Ngf6 10. c4 Be7 11. Bf4 O-O 12. Rfe1 Re8 13. Rad1 Qa5 14. a3 b5
15. c5 Rad8 16. b4 Qa6 17. Bc7 Rc8 18. Ba5 Qb7 19. Ne5 Bd8 20. Bxd8 Rcxd8 21.
Qf3 Rc8 22. Ne4 Nxe4 23. Qxf7+ Kh8 24. Rxe4 Rcd8 25. Ng6+ 1-0

[Event "Women's Speed Chess Q2"]
[Site "chess.com INT"]
[Date "2020.06.19"]
[Round "10"]
[White "Bouah, Denise"]
[Black "Starosta, Martyna"]
[Result "0-1"]
[WhiteTitle "WIM"]
[BlackTitle "WCM"]
[WhiteElo "1770"]
[BlackElo "2079"]
[WhiteFideId "14300818"]
[BlackFideId "21818754"]
[EventDate "2020.06.19"]

1. e4 e5 2. Nf3 Nc6 3. Bb5 a6 4. Ba4 Nf6 5. d3 b5 6. Bb3 Be7 7. O-O O-O 8. c3 d5
9. Nbd2 Bg4 10. h3 Bh5 11. Re1 d4 12. Nf1 dxc3 13. bxc3 b4 14. Ng3 Bxf3 15. Qxf3
bxc3 16. Nf5 Nd4 17. Qg3 Nxf5 18. exf5 Bd6 19. Bg5 e4 20. dxe4 Bxg3 21. e5 Bxf2+
22. Kxf2 Qd4+ 23. Kf1 Ne4 24. Be3 Nd2+ 25. Kg1 Qb4 26. Bd5 Rad8 0-1

[Event "Women's Speed Chess Q2"]
[Site "chess.com INT"]
[Date "2020.06.19"]
[Round "10"]
[White "Zakirova, Aisha"]
[Black "Monteiro, Sara Cristina da Silva"]
[Result "1-0"]
[WhiteTitle "WCM"]
[BlackTitle "WCM"]
[WhiteElo "1585"]
[BlackElo "1709"]
[WhiteFideId "13719734"]
[BlackFideId "1909860"]
[EventDate "2020.06.19"]

1. d4 Nf6 2. c4 e5 3. dxe5 Ng4 4. e4 Nxe5 5. f4 Bb4+ 6. Bd2 Bxd2+ 7. Qxd2 Ng6 8.
Nf3 O-O 9. Bd3 Nc6 10. O-O d6 11. Nc3 Bg4 12. Be2 Re8 13. h3 Bd7 14. Rab1 a5 15.
b3 Nce7 16. a3 Kh8 17. Rbd1 Ng8 18. f5 Nf8 19. Ng5 Qf6 20. Nd5 Qe5 21. Nxf7# 1-0

[Event "Women's Speed Chess Q2"]
[Site "chess.com INT"]
[Date "2020.06.19"]
[Round "10"]
[White "Miroshnik, Ekaterina"]
[Black "Vijayalakshmi, Subbaraman"]
[Result "1-0"]
[WhiteTitle "WFM"]
[BlackTitle "IM"]
[WhiteElo "2139"]
[BlackElo "2332"]
[WhiteFideId "34127698"]
[BlackFideId "5004098"]
[EventDate "2020.06.19"]

1. d3 g6 2. Nd2 Bg7 3. Ngf3 e5 4. e4 Ne7 5. Be2 O-O 6. O-O d5 7. c3 c5 8. Qc2
Nbc6 9. Re1 h6 10. Nf1 Be6 11. Ng3 Rc8 12. Bd2 Qd7 13. Rad1 Rfd8 14. Bc1 1-0

[Event "Women's Speed Chess Q2"]
[Site "chess.com INT"]
[Date "2020.06.19"]
[Round "10"]
[White "Cagara, Paulina"]
[Black "Kirchei, Viktoriia"]
[Result "1-0"]
[BlackTitle "WFM"]
[WhiteElo "2054"]
[BlackElo "2207"]
[WhiteFideId "1124870"]
[BlackFideId "34133396"]
[EventDate "2020.06.19"]

1. e4 c5 2. Nc3 Nc6 3. Bb5 g6 4. Bxc6 bxc6 5. d3 Bg7 6. f4 d6 7. Nf3 Nf6 8. O-O
O-O 9. Qe1 d5 10. h3 d4 11. Na4 Nd7 12. b3 e6 13. Ba3 Qe7 14. Qa5 Re8 15. Nxc5
Nxc5 16. Bxc5 Qd7 17. Ne5 Bxe5 18. fxe5 Rd8 19. Rf2 a6 20. Raf1 Rb8 21. Rxf7 1-0

[Event "Women's Speed Chess Q2"]
[Site "chess.com INT"]
[Date "2020.06.19"]
[Round "10"]
[White "Filippova, Margarita"]
[Black "Skuhala, Barbara"]
[Result "1-0"]
[WhiteTitle "WFM"]
[BlackTitle "WFM"]
[WhiteElo "1931"]
[BlackElo "2095"]
[WhiteFideId "34199680"]
[BlackFideId "14605465"]
[EventDate "2020.06.19"]

1. Nf3 Nf6 2. c4 e6 3. Nc3 d5 4. d4 c6 5. e3 Nbd7 6. Qc2 Bd6 7. Be2 O-O 8. O-O
e5 9. cxd5 cxd5 10. Nb5 Bb8 11. dxe5 Nxe5 12. Nbd4 Bd7 13. Rd1 a6 14. Bd2 Ne4
15. Be1 Qf6 16. Qb3 Bc6 17. Rac1 Bd6 18. Nxe5 Qxe5 19. g3 Rac8 20. Nxc6 bxc6 21.
Bxa6 Rb8 22. Qa4 c5 23. Qc6 Rxb2 24. Qxd5 Qf6 25. Qxe4 Rxa2 26. Bc4 Ra4 27.
Bxf7+ 1-0

[Event "Women's Speed Chess Q2"]
[Site "chess.com INT"]
[Date "2020.06.19"]
[Round "10"]
[White "Bartel, Marta"]
[Black "Kaya, Emel"]
[Result "1-0"]
[WhiteTitle "WGM"]
[BlackTitle "WCM"]
[WhiteElo "2192"]
[BlackElo "1912"]
[WhiteFideId "1123009"]
[BlackFideId "6306411"]
[EventDate "2020.06.19"]

1. d4 d5 2. c4 dxc4 3. e3 e5 4. Bxc4 exd4 5. exd4 Nf6 6. Nf3 Be7 7. O-O O-O 8.
h3 Nc6 9. Be3 Bf5 10. Nc3 Nb4 11. Rc1 c6 12. Ne5 Nfd5 13. Qf3 Nxc3 14. bxc3 Bg6
15. cxb4 Bxb4 16. Nxg6 hxg6 17. Rb1 a5 18. a3 Bxa3 19. Rxb7 Qe8 20. Qg4 Rb8 21.
Rfb1 Bb4 22. Rxb8 Qxb8 23. Qxg6 Qd8 24. Rd1 a4 25. Bh6 Qf6 26. Qxf6 gxf6 27.
Bxf8 Kxf8 28. Kf1 1-0

[Event "Women's Speed Chess Q2"]
[Site "chess.com INT"]
[Date "2020.06.19"]
[Round "10"]
[White "Zhao, Xue"]
[Black "Tereladze, Sopiko"]
[Result "1-0"]
[WhiteTitle "GM"]
[BlackTitle "WIM"]
[WhiteElo "2486"]
[BlackElo "2141"]
[WhiteFideId "8601283"]
[BlackFideId "13600486"]
[EventDate "2020.06.19"]

1. Nf3 Nf6 2. e3 d5 3. b3 Bf5 4. Bb2 e6 5. d3 Be7 6. Nbd2 h6 7. e4 dxe4 8. dxe4
Bh7 9. Bd3 O-O 10. e5 Nd5 11. Bxh7+ Kxh7 12. Qe2 c6 13. O-O-O Qa5 14. Kb1 Nc3+
15. Bxc3 Qxc3 16. Ne4 Qa5 17. h4 Na6 18. Rd7 Nb4 19. c3 Nd5 20. c4 Ba3 21. cxd5
cxd5 22. Neg5+ Kg8 23. Qd3 hxg5 24. Nxg5 g6 25. Nxf7 1-0

[Event "Women's Speed Chess Q2"]
[Site "chess.com INT"]
[Date "2020.06.19"]
[Round "10"]
[White "Diakonova, Ekaterina"]
[Black "Dordzhieva, Dinara"]
[Result "1-0"]
[BlackTitle "WIM"]
[WhiteElo "2209"]
[BlackElo "2354"]
[WhiteFideId "24172936"]
[BlackFideId "24157570"]
[EventDate "2020.06.19"]

1. e4 c5 2. Nf3 d6 3. c4 e5 4. Nc3 Nc6 5. d3 g6 6. g3 Bg7 7. Bg2 Nge7 8. O-O O-O
9. Nd5 h6 10. Rb1 a5 11. a3 f5 12. exf5 Bxf5 13. Nh4 Nd4 14. b4 axb4 15. axb4
cxb4 16. Rxb4 Nec6 17. Rxb7 Rb8 18. Rxb8 Qxb8 19. Ba3 Rd8 20. Nxf5 gxf5 21. Qa4
Qc8 22. Rb1 Ne2+ 23. Kf1 Ncd4 24. Ne7+ 1-0

[Event "Women's Speed Chess Q2"]
[Site "chess.com INT"]
[Date "2020.06.19"]
[Round "10"]
[White "Paramzina, Anastasya"]
[Black "Paehtz, Elisabeth"]
[Result "0-1"]
[WhiteTitle "WGM"]
[BlackTitle "IM"]
[WhiteElo "2209"]
[BlackElo "2473"]
[WhiteFideId "4165012"]
[BlackFideId "4641833"]
[EventDate "2020.06.19"]

1. e4 c5 2. Nf3 d6 3. d4 cxd4 4. Nxd4 Nf6 5. Nc3 a6 6. Nb3 Nbd7 7. a4 g6 8. a5
Bg7 9. Be2 O-O 10. O-O Qc7 11. Be3 Ne5 12. Nd2 Nfg4 13. Bb6 Qd7 14. f4 Nc6 15.
Nf3 h5 16. Bc4 e6 17. Qd2 Bh6 18. Ng5 Bxg5 19. fxg5 Nge5 20. Be2 Qe7 21. Rf6 Nd7
22. Raf1 Nce5 23. Qf4 Nxb6 24. axb6 Bd7 25. Bxh5 gxh5 26. Qh4 Kg7 27. g6 fxg6
28. Ne2 0-1

[Event "Women's Speed Chess Q2"]
[Site "chess.com INT"]
[Date "2020.06.19"]
[Round "10"]
[White "Shevtchenko, Olesya"]
[Black "Goltseva, Ekaterina"]
[Result "1-0"]
[WhiteTitle "WFM"]
[BlackTitle "FM"]
[WhiteElo "2054"]
[BlackElo "2306"]
[WhiteFideId "24131890"]
[BlackFideId "24173770"]
[EventDate "2020.06.19"]

1. Nf3 d5 2. g3 Nf6 3. Bg2 e6 4. O-O c5 5. d4 cxd4 6. Nxd4 e5 7. Nb5 Be6 8. c4
Na6 9. N1c3 d4 10. Nd5 Nxd5 11. cxd5 Bxd5 12. e4 Bc6 13. a4 Be7 14. Qh5 Bf6 15.
f4 g6 16. Qh6 Nc5 17. Bd2 Nb3 18. Rad1 Nxd2 19. Rxd2 exf4 20. Qxf4 Bxb5 21. axb5
Qa5 22. Rdf2 Be7 23. Qxf7+ Kd8 24. Rd1 Qb6 25. Qd5+ Ke8 26. Rxd4 Rf8 27. Qd7# 1-0

[Event "Women's Speed Chess Q2"]
[Site "chess.com INT"]
[Date "2020.06.19"]
[Round "10"]
[White "Kashlinskaya, Alina"]
[Black "Harika, Dronavalli"]
[Result "0-1"]
[WhiteTitle "IM"]
[BlackTitle "GM"]
[WhiteElo "2494"]
[BlackElo "2515"]
[WhiteFideId "4198026"]
[BlackFideId "5015197"]
[EventDate "2020.06.19"]

1. d4 Nf6 2. c4 d6 3. Nc3 e5 4. Nf3 exd4 5. Nxd4 g6 6. e4 Bg7 7. Be2 O-O 8. O-O
Re8 9. f3 Nc6 10. Be3 Nh5 11. Nc2 f5 12. exf5 Bxf5 13. Bd2 Bxc2 14. Qxc2 Nd4 15.
Qd3 Qh4 16. Ne4 Be5 17. h3 Ng3 18. Nxg3 Qxg3 19. Rfe1 Qh2+ 20. Kf1 Nf5 21. f4
Bd4 0-1

[Event "Women's Speed Chess Q2"]
[Site "chess.com INT"]
[Date "2020.06.19"]
[Round "10"]
[White "Tomilova, Elena"]
[Black "Gunina, Valentina"]
[Result "1/2-1/2"]
[WhiteTitle "WGM"]
[BlackTitle "GM"]
[WhiteElo "2353"]
[BlackElo "2431"]
[WhiteFideId "4162340"]
[BlackFideId "4167570"]
[EventDate "2020.06.19"]

1. d4 Nf6 2. Bf4 e6 3. e3 c5 4. c3 Nc6 5. Nd2 d5 6. h3 cxd4 7. exd4 Bd6 8. Bxd6
Qxd6 9. Ngf3 O-O 10. Be2 Ne4 11. O-O f5 12. Rc1 Bd7 13. c4 Be8 14. cxd5 exd5 15.
Nb3 Bh5 16. Nc5 b6 17. Nb3 Rac8 18. Re1 Rc7 19. Ne5 Bxe2 20. Rxe2 Rfc8 21. Rec2
Ne7 22. f3 Ng3 23. Qd2 f4 24. Kf2 g5 25. Rxc7 Rxc7 26. Rxc7 Qxc7 27. Qc3 Qd6 28.
Nd2 Kg7 29. Nf1 Ngf5 30. a3 h5 31. Nd2 Ne3 32. Kg1 a5 33. Nf1 N3f5 34. Nd2 Kh7
35. Nf1 Kg7 36. Nd2 Ne3 37. Nf1 N3f5 1/2-1/2

[Event "Women's Speed Chess Q2"]
[Site "chess.com INT"]
[Date "2020.06.19"]
[Round "10"]
[White "Smietanska, Wiktoria"]
[Black "Fuentes Inzunza, Lesly"]
[Result "0-1"]
[WhiteTitle "CM"]
[BlackTitle "WFM"]
[WhiteElo "1593"]
[BlackElo "1840"]
[WhiteFideId "21869359"]
[BlackFideId "3408205"]
[EventDate "2020.06.19"]

1. c4 c6 2. Nf3 d5 3. e3 Nf6 4. b3 g6 5. Bb2 Bg7 6. Be2 O-O 7. Nc3 Re8 8. d4
Nbd7 9. O-O dxc4 10. bxc4 e5 11. d5 cxd5 12. cxd5 e4 13. Nd4 Nc5 14. Bc4 a6 15.
a4 Qc7 16. Nb3 Nxb3 17. Qxb3 Qe5 18. Nb5 Qb8 19. Na3 Ng4 20. Bxg7 Qxh2# 0-1

[Event "Women's Speed Chess Q2"]
[Site "chess.com INT"]
[Date "2020.06.19"]
[Round "10"]
[White "Mamedjarova, Turkan"]
[Black "Arabidze, Meri"]
[Result "1-0"]
[WhiteTitle "WGM"]
[BlackTitle "IM"]
[WhiteElo "2309"]
[BlackElo "2428"]
[WhiteFideId "13402005"]
[BlackFideId "13604040"]
[EventDate "2020.06.19"]

1. d4 d5 2. c4 e6 3. Nf3 Nf6 4. Nc3 Nbd7 5. Bf4 dxc4 6. e3 b5 7. Nxb5 Bb4+ 8.
Nc3 Nd5 9. Qc2 Nxf4 10. exf4 Nb6 11. Bxc4 O-O 12. Bd3 g6 13. O-O Bb7 14. Be4
Bxe4 15. Nxe4 Nd5 16. g3 Rc8 17. Ne5 c5 18. dxc5 f5 19. a3 Bxa3 20. Rxa3 fxe4
21. Rxa7 Rc7 22. Rxc7 Qxc7 23. Qxe4 Rb8 24. Nd3 Qc6 25. Re1 Rb3 26. h4 Kg7 27.
h5 gxh5 28. Qe5+ Kg8 29. Qg5+ Kf8 30. Ne5 Qxc5 31. Nd7+ 1-0

[Event "Women's Speed Chess Q2"]
[Site "chess.com INT"]
[Date "2020.06.19"]
[Round "10"]
[White "Franco Valencia, Angela"]
[Black "Kiolbasa, Oliwia"]
[Result "0-1"]
[WhiteTitle "WIM"]
[BlackTitle "WIM"]
[WhiteElo "2089"]
[BlackElo "2160"]
[WhiteFideId "4403070"]
[BlackFideId "1154613"]
[EventDate "2020.06.19"]

1. e4 e5 2. Nf3 Nc6 3. Bc4 Bc5 4. c3 Nf6 5. d3 O-O 6. b4 Bb6 7. a4 a6 8. a5 Ba7
9. Bb3 d5 10. Qe2 d4 11. cxd4 Nxd4 12. Nxd4 Qxd4 13. Bb2 Qxb4+ 14. Nd2 Qe7 15.
Ba3 Bc5 16. Bxc5 Qxc5 17. O-O Bd7 18. Rfc1 Qd6 19. Nc4 Qe7 20. Qb2 Rfe8 21. Ne3
Bc6 22. Nf5 Qd7 23. Qd2 Nxe4 24. Nh6+ gxh6 25. Qxh6 Nd6 26. Qg5+ Kf8 27. Qh6+
Ke7 28. d4 Nf5 29. Qh5 Nxd4 30. Bxf7 Rf8 31. Bc4 Qf5 32. Qh4+ Kd7 33. Ra3 Rae8
34. Bd3 Qf6 35. Qg4+ Kd8 36. f3 Rg8 37. Qh5 Rxg2+ 38. Kxg2 Bxf3+ 39. Qxf3 Qxf3+
40. Kg1 Rg8+ 0-1

[Event "Women's Speed Chess Q2"]
[Site "chess.com INT"]
[Date "2020.06.19"]
[Round "10"]
[White "Hejazipour, Mitra"]
[Black "Papp, Petra"]
[Result "0-1"]
[WhiteTitle "WGM"]
[BlackTitle "WGM"]
[WhiteElo "2300"]
[BlackElo "2338"]
[WhiteFideId "12505951"]
[BlackFideId "739049"]
[EventDate "2020.06.19"]

1. d4 Nf6 2. Nf3 g6 3. Nc3 d5 4. Bg5 Bg7 5. e3 h6 6. Bh4 O-O 7. Bd3 a6 8. a4 c5
9. dxc5 Nbd7 10. O-O Nxc5 11. Be2 Nce4 12. Nxe4 Nxe4 13. c3 g5 14. Bg3 Nxg3 15.
hxg3 e5 16. Qc2 Be6 17. Rfd1 Qe7 18. Ne1 Rac8 19. Qd2 f5 20. Nc2 a5 21. Na3 f4
22. exf4 gxf4 23. gxf4 Rxf4 24. Nb5 Rcf8 25. Rf1 Qg5 26. Qe3 R8f6 27. Nc7 Bf7
28. Rad1 e4 29. Qc5 Rg6 30. g3 Rf5 31. Qd6 Rxd6 0-1

[Event "Women's Speed Chess Q2"]
[Site "chess.com INT"]
[Date "2020.06.19"]
[Round "10"]
[White "Gomez Barrera, Javiera Belen"]
[Black "Girya, Olga"]
[Result "0-1"]
[WhiteTitle "WIM"]
[BlackTitle "WGM"]
[WhiteElo "2083"]
[BlackElo "2469"]
[WhiteFideId "3418723"]
[BlackFideId "4195752"]
[EventDate "2020.06.19"]

1. e4 c6 2. d4 d5 3. e5 Bf5 4. h4 h5 5. Bd3 Bxd3 6. Qxd3 Qa5+ 7. Bd2 Qa6 8. e6
Qxd3 9. exf7+ Kxf7 10. cxd3 Nd7 11. Nf3 Re8 12. Bf4 e6 13. O-O Be7 14. Re1 Nh6
15. Nc3 Nf5 16. g3 Bf6 17. Ne5+ Bxe5 18. dxe5 Nd4 19. Red1 Nxe5 20. Kg2 Nd7 21.
Rac1 e5 22. Be3 Nf5 23. Na4 a6 24. Nc5 Nxc5 25. Bxc5 e4 26. dxe4 Rxe4 27. Re1
Rhe8 28. Rxe4 Rxe4 29. Kf3 Ke6 30. Be3 g6 31. Bf4 Nd4+ 32. Kg2 Ne2 33. Rc2 Nxf4+
34. gxf4 Rxf4 35. Re2+ Re4 0-1

[Event "Women's Speed Chess Q2"]
[Site "chess.com INT"]
[Date "2020.06.19"]
[Round "10"]
[White "Belenkaya, Dina"]
[Black "Kanyamarala, Trisha"]
[Result "1-0"]
[WhiteTitle "WGM"]
[BlackTitle "WIM"]
[WhiteElo "2297"]
[BlackElo "2193"]
[WhiteFideId "24142654"]
[BlackFideId "45004722"]
[EventDate "2020.06.19"]

1. e4 c5 2. Nc3 Nc6 3. g3 Nf6 4. Bg2 e6 5. Nge2 d5 6. exd5 exd5 7. d4 cxd4 8.
Nxd4 Be7 9. O-O O-O 10. Bg5 Be6 11. Re1 Nxd4 12. Qxd4 Qa5 13. Rad1 Bc5 14. Qh4
Ng4 15. Rd2 h6 16. Be7 Bxe7 17. Qxe7 d4 18. Ne4 Bf5 19. b4 Qb6 20. Nd6 Qxb4 21.
Rde2 Bxc2 22. Nf5 Qc4 23. h3 d3 24. Re4 d2 25. Rxc4 dxe1=Q+ 26. Qxe1 Rfe8 27.
Qd2 Rad8 28. Qxc2 Re1+ 29. Bf1 Ne5 30. Rc8 1-0

[Event "Women's Speed Chess Q2"]
[Site "chess.com INT"]
[Date "2020.06.19"]
[Round "10"]
[White "Ambartsumova, Karina"]
[Black "Stefanova, Antoaneta"]
[Result "1-0"]
[WhiteTitle "IM"]
[BlackTitle "GM"]
[WhiteElo "2371"]
[BlackElo "2462"]
[WhiteFideId "4166299"]
[BlackFideId "2902257"]
[EventDate "2020.06.19"]

1. e4 c6 2. d4 d5 3. exd5 cxd5 4. Nf3 Nc6 5. Ne5 Nf6 6. Bb5 Qb6 7. c4 dxc4 8.
Nc3 e6 9. Qa4 Bd7 10. Nxd7 Nxd7 11. Be3 Qd8 12. Bxc6 bxc6 13. Qxc4 Rc8 14. O-O
Be7 15. Rac1 O-O 16. Ne4 Nf6 17. Nc5 Nd5 18. Bd2 Bg5 19. Qe2 Bxd2 20. Qxd2 Re8
21. Rfd1 Qb6 22. b3 h6 23. Rc4 Red8 24. Rdc1 Nf6 25. Qc2 Rd5 26. h3 h5 27. Na4
Qb7 28. Rxc6 Rxc6 29. Qxc6 Qxc6 30. Rxc6 Rxd4 31. Rc8+ Kh7 32. Rc7 Rd1+ 33. Kh2
Rd2 34. Rxf7 Rxa2 35. Rxa7 Rxf2 36. Nc5 Re2 37. Re7 Nd5 38. Rxe6 Rc2 39. Ne4 Nf4
40. Ng5+ Kg8 41. Re8# 1-0

[Event "Women's Speed Chess Q2"]
[Site "chess.com INT"]
[Date "2020.06.19"]
[Round "10"]
[White "Injac, Teodora"]
[Black "Perez Rodriguez, Jennifer"]
[Result "0-1"]
[WhiteTitle "WIM"]
[BlackTitle "WIM"]
[WhiteElo "2286"]
[BlackElo "2251"]
[WhiteFideId "932400"]
[BlackFideId "3507831"]
[EventDate "2020.06.19"]

1. d4 Nf6 2. Nf3 e6 3. e3 d5 4. Bd3 Bd6 5. O-O O-O 6. b3 b6 7. c4 c5 8. cxd5
Nxd5 9. e4 Nb4 10. Be2 cxd4 11. Nxd4 Be5 12. Bb2 Bb7 13. a3 N4a6 14. f3 Nc5 15.
Nxe6 Qxd1 16. Bxd1 Bxb2 17. Nxc5 Bd4+ 18. Kh1 Bxc5 19. b4 Bd4 20. Ra2 Ba6 21.
Re1 Rd8 22. Bb3 Nc6 23. Rd1 Ne5 24. Rad2 Nc6 25. Bd5 Be3 26. Bxc6 Bxd2 0-1

[Event "Women's Speed Chess Q2"]
[Site "chess.com INT"]
[Date "2020.06.19"]
[Round "10"]
[White "Ovezdurdiyeva, Jemal"]
[Black "Nurmanova, Alua"]
[Result "1-0"]
[WhiteTitle "WFM"]
[BlackTitle "WFM"]
[WhiteElo "2061"]
[BlackElo "2026"]
[WhiteFideId "14001888"]
[BlackFideId "13729390"]
[EventDate "2020.06.19"]

1. d4 Nf6 2. c4 g6 3. Nc3 Bg7 4. Nf3 O-O 5. Bg5 d6 6. e3 h6 7. Bh4 c5 8. d5 a6
9. Be2 Nbd7 10. Qc2 Rb8 11. a4 Qa5 12. O-O Re8 13. Rfe1 Nf8 14. e4 g5 15. Bg3
Ng6 16. e5 Nh5 17. e6 Nxg3 18. hxg3 Qd8 19. Qf5 Nh8 20. Bd3 fxe6 21. dxe6 b6 22.
Re4 Bb7 23. Rg4 Bxf3 24. gxf3 b5 25. axb5 axb5 26. Nxb5 Qb6 27. Re1 Ra8 28. Kg2
Ra2 29. Rh1 Rxb2 30. Rxh6 d5 31. Rxh8+ Bxh8 32. Qh7+ 1-0

[Event "Women's Speed Chess Q2"]
[Site "chess.com INT"]
[Date "2020.06.19"]
[Round "10"]
[White "Gokbulut, Julia"]
[Black "Voit, Daria"]
[Result "0-1"]
[WhiteTitle "WFM"]
[BlackTitle "WGM"]
[WhiteElo "1970"]
[BlackElo "2343"]
[WhiteFideId "4153979"]
[BlackFideId "4182146"]
[EventDate "2020.06.19"]

1. d4 Nf6 2. c4 e6 3. Nc3 Bb4 4. Qc2 O-O 5. a3 Bxc3+ 6. Qxc3 b6 7. Nf3 Bb7 8. e3
d6 9. Bd3 c5 10. O-O Nbd7 11. b4 Qe7 12. Bb2 Rfd8 13. bxc5 dxc5 14. dxc5 Nxc5
15. Bc2 Nce4 16. Bxe4 Bxe4 17. Ne5 Rac8 18. f3 Bb7 19. Ng4 Ne8 20. Qb3 Ba6 21.
Rac1 Qc5 22. Bd4 Bxc4 23. Qb2 Qb5 24. Qxb5 Bxb5 25. Rfd1 f6 26. h4 e5 27. Bb2
Kf7 28. h5 Ke6 29. e4 Rxc1 30. Rxc1 Rd2 31. Bc3 Ra2 32. Bb4 a5 33. Bf8 Kf7 34.
Bxg7 Kxg7 35. h6+ Kf7 36. Ne3 Rxa3 37. Nd5 Rb3 38. Nxb6 a4 39. Nd5 a3 40. Nc3
Bc4 41. Rd1 Rxc3 42. Rd7+ Kg6 0-1